| 000 | 01396nam a2200385Ii 4500 | ||
|---|---|---|---|
| 001 | DIGUAL0132 | ||
| 003 | NyNyDIG | ||
| 006 | m o d | ||
| 007 | cr ||||||||||| | ||
| 008 | 140501s1999 sp ob 000 0 spa d | ||
| 020 | _z9788479084981 | ||
| 020 | _z8479084987 | ||
| 035 | _a(OCoLC)645113976 | ||
| 040 |
_aDGITA _beng _epn _cDGITA |
||
| 050 | 1 | 4 | _aPN5319.A382 eBook |
| 100 | 1 | _aMira Abad, Alicia. | |
| 245 | 1 | 0 |
_aActitudes religiosas y modernización social / _cAlicia Mira Abad. |
| 264 | 1 |
_aAlicante: _bUniversidad de Alicante, _c1999. |
|
| 300 |
_a1 online resource (183 pages) : _bill. |
||
| 336 |
_atext _btxt _2rdacontent |
||
| 337 |
_acomputer _bc _2rdamedia |
||
| 338 |
_aonline resource _bcr _2rdacarrier |
||
| 490 | 1 | _aPublicaciones de la Universidad de Alicante. | |
| 504 | _aIncludes bibliographical references (179-183). | ||
| 650 | 0 |
_aPress _zSpain _zAlicante _xHistory _y19th century. |
|
| 650 | 0 |
_aJournalism _zSpain _zAlicante _xSocial aspects. |
|
| 650 | 0 |
_aJournalism _zSpain _zAlicante _zReligious asptects. |
|
| 655 | 0 | _aElectronic books. | |
| 791 | 2 |
_aDigitalia (Firm), _edistributor. |
|
| 830 | 0 | _aPublicaciones de la Universidad de Alicante. | |
| 793 | 0 |
_gDigitalia eBook Collection: _aUniv. de Alicante. |
|
| 856 | 4 | 0 |
_3Digitalia Hispánica _uhttps://www.digitaliapublishing.com/a/547/ |
| 910 | _aPremium Collection: 2007-2012 | ||
| 942 | _cRAA | ||
| 999 |
_c229563 _d229563 |
||